[Event "SRB-chT Premier"]
[Site "Ruma"]
[Date "2020.09.30"]
[Round "8.4"]
[White "Ilincic, Zlatko"]
[Black "Vujacic, Borivoje"]
[Result "1-0"]
[WhiteElo "2408"]
[BlackElo "2221"]
[PlyCount "63"]
[EventDate "2020.09.25"]
[EventType "team-tourn"]
[EventRounds "11"]
[EventCountry "SRB"]
[SourceTitle "CBM 198 Extra"]
[Source "ChessBase"]
[SourceDate "2020.11.30"]
[SourceVersion "1"]
[SourceVersionDate "2020.11.30"]
[SourceQuality "1"]
[WhiteTeam "Belgrade Itaka"]
[BlackTeam "Belgrade Crvena Zvezda"]
[WhiteTeamCountry "SRB"]
[BlackTeamCountry "SRB"]

1. d4 Nf6 2. c4 g6 3. g3 c6 4. Bg2 d5 5. Na3 Bg7 6. Nf3 0-0 7. 0-0 Bf5 8. Bf4 Be4 9. Qd2 a5 10. Rfc1 Nbd7 11. cxd5 Nxd5 12. Bh6 N7f6 13. Nc4 Qc7 14. a3 Rfd8 15. Nce5 Bxf3 16. Bxf3 Qb6 17. Bxg7 Kxg7 18. e3 e6 19. g4 h6 20. h4 Qc7 21. e4 Nb6 22. Qe3 Qe7 23. Be2 Nbd7 24. g5 hxg5 25. hxg5 Nh7 26. Nf3 e5 27. Kg2 f6 28. gxf6+ Qxf6 29. Rh1 Qf4 30. Rxh7+ Kxh7 31. Ng5+ Kh6 32. Ne6 1-0

[Event "SRB-ch sf"]
[Site "Kragujevac"]
[Date "2019.03.11"]
[Round "6"]
[White "Radovanovic, Nikola"]
[Black "Vujacic, Borivoje"]
[Result "1-0"]
[WhiteElo "2426"]
[BlackElo "2242"]
[PlyCount "73"]
[EventDate "2019.03.08"]
[EventType "swiss"]
[EventRounds "9"]
[EventCountry "SRB"]
[SourceTitle "CBM 189 Extra"]
[Source "ChessBase"]
[SourceDate "2019.06.03"]
[SourceVersion "1"]
[SourceVersionDate "2019.06.03"]
[SourceQuality "1"]

1. d4 Nf6 2. c4 g6 3. Nc3 d5 4. cxd5 Nxd5 5. e4 Nxc3 6. bxc3 Bg7 7. Nf3 c5 8. Be2 0-0 9. Be3 Qa5 10. 0-0 Rd8 11. Qb3 cxd4 12. cxd4 Nc6 13. d5 Bxa1 14. Rxa1 Nb8 15. Bd2 Qb6 16. Qa3 Re8 17. e5 Na6 18. Rc1 Qd8 19. Qe3 Bg4 20. Qh6 Bxf3 21. Bxf3 Rc8 22. e6 Rxc1+ 23. Bxc1 Rf8 24. Bb2 f6 25. h4 Qa5 26. h5 Qe1+ 27. Kh2 g5 28. d6 Qxe6 29. dxe7 Qxe7 30. Bd5+ Kh8 31. Qxg5 Nc5 32. Qf5 b6 33. h6 Nd7 34. f4 Nc5 35. Bd4 Na6 36. Be4 Qd6 37. Qxh7# 1-0

[Event "SRB-ch sf"]
[Site "Kragujevac"]
[Date "2019.03.09"]
[Round "3"]
[White "Jevtic, Miroljub L"]
[Black "Vujacic, Borivoje"]
[Result "0-1"]
[WhiteElo "1975"]
[BlackElo "2242"]
[PlyCount "104"]
[EventDate "2019.03.08"]
[EventType "swiss"]
[EventRounds "9"]
[EventCountry "SRB"]
[SourceTitle "CBM 189 Extra"]
[Source "ChessBase"]
[SourceDate "2019.06.03"]
[SourceVersion "1"]
[SourceVersionDate "2019.06.03"]
[SourceQuality "1"]

1. d4 Nf6 2. Bf4 g6 3. h3 Bg7 4. Nd2 c5 5. c3 cxd4 6. cxd4 Nc6 7. e3 0-0 8. Ngf3 d6 9. Bc4 Bf5 10. g4 Bd7 11. a3 Rc8 12. b4 Qe8 13. d5 Nb8 14. Rc1 Ba4 15. Bb3 Rxc1 16. Qxc1 Bxb3 17. Nxb3 Nxd5 18. 0-0 Nxf4 19. exf4 Qd7 20. Qd2 Rc8 21. Nbd4 e5 22. Ne2 e4 23. Nfd4 Nc6 24. Rd1 Nxd4 25. Nxd4 Rc4 26. Ne2 Rc6 27. Ng3 Qe6 28. f5 Qe5 29. fxg6 hxg6 30. b5 Qxb5 31. Nxe4 Qa4 32. Qd5 Be5 33. Rd3 Rc1+ 34. Kg2 Qc6 35. g5 Qxd5 36. Rxd5 Rc6 37. Nf6+ Bxf6 38. gxf6 Kf8 39. Rd3 Ke8 40. Re3+ Kd8 41. Kg3 d5 42. Re7 Rc7 43. Re5 Rd7 44. Kf4 d4 45. Re2 d3 46. Rd2 Kc7 47. Ke4 Kc6 48. Rd1 d2 49. f4 Kc5 50. f5 g5 51. Kf3 Rd4 52. Ke2 Kc4 0-1

[Event "Belgrade-chT Quality"]
[Site "Belgrade"]
[Date "2018.09.26"]
[Round "9.4"]
[White "Ugrcic, Zoran"]
[Black "Vujacic, Borivoje"]
[Result "0-1"]
[WhiteElo "1986"]
[BlackElo "2237"]
[PlyCount "64"]
[EventDate "2018.09.17"]
[EventType "team-tourn"]
[EventRounds "11"]
[EventCountry "SRB"]
[SourceTitle "CBM 186 Extra"]
[Source "ChessBase"]
[SourceDate "2018.08.24"]
[SourceVersion "1"]
[SourceVersionDate "2018.08.24"]
[SourceQuality "1"]
[WhiteTeam "Cukaricki"]
[BlackTeam "Crvena Zvezda"]
[WhiteTeamCountry "SRB"]
[BlackTeamCountry "SRB"]

1. Nf3 Nf6 2. d4 g6 3. c4 Bg7 4. Nc3 d5 5. Bf4 0-0 6. e3 c5 7. Be2 cxd4 8. Nxd4 dxc4 9. 0-0 Nd5 10. Nxd5 Qxd5 11. Bg3 Nc6 12. Bf3 Qc5 13. Nxc6 bxc6 14. Qa4 Be6 15. Rab1 Rac8 16. Rfc1 Qb6 17. Qc2 Rfd8 18. Rd1 Rxd1+ 19. Bxd1 Qa5 20. Be2 Qxa2 21. Rc1 Rd8 22. h3 Qxb2 23. Bxc4 Qxc2 24. Rxc2 Rd1+ 25. Kh2 Bf5 26. e4 Bxe4 27. Re2 Rd4 28. Ba2 e6 29. Rb2 Rd8 30. Rb7 Ra8 31. Bd6 Bd5 32. Bb1 a5 0-1

[Event "Arad op 11th"]
[Site "Arad"]
[Date "2018.08.12"]
[Round "9"]
[White "Soltanici, Ruslan"]
[Black "Vujacic, Borivoje"]
[Result "1-0"]
[WhiteElo "2383"]
[BlackElo "2235"]
[PlyCount "91"]
[EventDate "2018.08.05"]
[EventType "swiss"]
[EventRounds "9"]
[EventCountry "ROU"]
[SourceTitle "CBM 185 Extra"]
[Source "ChessBase"]
[SourceDate "2018.07.29"]
[SourceVersion "1"]
[SourceVersionDate "2018.07.29"]
[SourceQuality "1"]

1. e4 c5 2. Nf3 Nc6 3. Bb5 d6 4. 0-0 Bd7 5. Re1 a6 6. Bxc6 Bxc6 7. d4 cxd4 8. Nxd4 Rc8 9. c4 Nf6 10. Nc3 g6 11. Bg5 Bg7 12. Qd2 0-0 13. Rad1 Qb6 14. b3 Rfe8 15. Kh1 Ng4 16. Re2 h6 17. Bh4 Qa5 18. f3 Nf6 19. Bf2 b5 20. cxb5 Bd7 21. Be1 axb5 22. Ncxb5 Qa6 23. Qa5 Qb7 24. a4 Ra8 25. Qc7 Qa6 26. Qc4 Rec8 27. Qd3 Nh5 28. g3 e5 29. Nc2 Bxb5 30. axb5 Qb7 31. Bf2 Ra2 32. Nb4 Rxe2 33. Qxe2 Rc3 34. Nd5 Rxb3 35. b6 Qd7 36. Kg2 Kh7 37. Rd2 f5 38. Rb2 Rxb2 39. Qxb2 fxe4 40. fxe4 Qg4 41. b7 Qxe4+ 42. Kg1 Qxd5 43. b8Q Qd1+ 44. Kg2 e4 45. Q2b3 Qg4 46. Q3g8# 1-0

[Event "Arad op 11th"]
[Site "Arad"]
[Date "2018.08.06"]
[Round "3"]
[White "Roubalik, Jakub"]
[Black "Vujacic, Borivoje"]
[Result "1-0"]
[WhiteElo "2402"]
[BlackElo "2235"]
[PlyCount "69"]
[EventDate "2018.08.05"]
[EventType "swiss"]
[EventRounds "9"]
[EventCountry "ROU"]
[SourceTitle "CBM 185 Extra"]
[Source "ChessBase"]
[SourceDate "2018.07.29"]
[SourceVersion "1"]
[SourceVersionDate "2018.07.29"]
[SourceQuality "1"]

1. d4 Nf6 2. c4 g6 3. Nc3 d5 4. cxd5 Nxd5 5. e4 Nxc3 6. bxc3 Bg7 7. Bc4 c5 8. Ne2 0-0 9. 0-0 Nc6 10. Be3 Qc7 11. Rc1 b6 12. Qd2 Na5 13. Bd3 c4 14. Bc2 e5 15. Bh6 Nb7 16. Bxg7 Kxg7 17. f4 exf4 18. Nxf4 f6 19. e5 f5 20. Nd5 Qd8 21. Nf6 Nd6 22. Rf3 Nf7 23. Rh3 h6 24. Qf4 Bb7 25. Rg3 Bc8 26. Bxf5 Bxf5 27. Qxf5 Ng5 28. Qf4 Rf7 29. h4 Ne6 30. Nh5+ Kf8 31. Qxh6+ Ke7 32. Rxg6 Qd5 33. Nf6 Qb7 34. d5 Nf8 35. Rg7 1-0

[Event "Paracin Summer op-A 11th"]
[Site "Paracin"]
[Date "2018.07.07"]
[Round "3"]
[White "Vujacic, Borivoje"]
[Black "McPhillips, Joseph"]
[Result "0-1"]
[WhiteElo "2213"]
[BlackElo "2402"]
[PlyCount "84"]
[EventDate "2018.07.06"]
[EventType "swiss"]
[EventRounds "9"]
[EventCountry "SRB"]
[SourceTitle "CBM 185 Extra"]
[Source "ChessBase"]
[SourceDate "2018.07.29"]
[SourceVersion "1"]
[SourceVersionDate "2018.07.29"]
[SourceQuality "1"]

1. e4 e6 2. d4 d5 3. Nd2 Nf6 4. e5 Nfd7 5. Bd3 c5 6. c3 Nc6 7. Ne2 cxd4 8. cxd4 f6 9. exf6 Nxf6 10. Nf3 Bd6 11. 0-0 Qc7 12. Nc3 a6 13. Bg5 0-0 14. Rc1 h6 15. Bh4 Nh5 16. Re1 Qf7 17. Be2 Nf4 18. Bg3 Bd7 19. Na4 Bb4 20. Nc3 Bd6 21. Na4 Bb4 22. Nc3 Rae8 23. a3 Bd6 24. Na4 Re7 25. Nc5 Be8 26. Nd3 Qf6 27. Nxf4 Bxf4 28. Rc3 Bh5 29. Bxa6 Bxg3 30. hxg3 Bxf3 31. Rxf3 Qxd4 32. Qxd4 Nxd4 33. Rd3 Nf5 34. Bb5 Nd6 35. a4 Nxb5 36. axb5 Rd8 37. f4 Rd6 38. Re5 g6 39. Kf2 Rc7 40. g4 Kf7 41. Rc3 Rxc3 42. bxc3 Kf6 0-1

[Event "Veliko Gradiste Silver Lake op"]
[Site "Veliko Gradiste"]
[Date "2018.06.20"]
[Round "5"]
[White "Kuntner, Reinhard1111"]
[Black "Vujacic, Borivoje"]
[Result "0-1"]
[WhiteElo "2029"]
[BlackElo "2211"]
[PlyCount "52"]
[EventDate "2018.06.17"]
[EventType "swiss"]
[EventRounds "9"]
[EventCountry "SRB"]
[SourceTitle "CBM 185 Extra"]
[Source "ChessBase"]
[SourceDate "2018.07.29"]
[SourceVersion "1"]
[SourceVersionDate "2018.07.29"]
[SourceQuality "1"]

1. c4 e5 2. Nc3 Nc6 3. g3 Nf6 4. Bg2 Bb4 5. e3 Bxc3 6. dxc3 0-0 7. e4 d6 8. h3 Be6 9. b3 a6 10. Qe2 b5 11. cxb5 axb5 12. Nf3 Qd7 13. Bb2 h6 14. Kf1 Rxa2 15. Rxa2 Bxb3 16. Qxb5 Bxa2 17. Qa4 Be6 18. Kg1 Rb8 19. Qc2 Nxe4 20. Nxe5 Nxe5 21. Bxe4 Bxh3 22. Bc1 Bg4 23. Bxh6 gxh6 24. Rxh6 d5 25. Bg2 Bf5 26. Qc1 Rb1 0-1

[Event "SRB-chT"]
[Site "Ruma"]
[Date "2017.09.06"]
[Round "6.6"]
[White "Vujacic, Borivoje"]
[Black "Djordjevic, Vuk D"]
[Result "1-0"]
[WhiteElo "2238"]
[BlackElo "2346"]
[PlyCount "88"]
[EventDate "2017.09.01"]
[EventType "team-tourn"]
[EventRounds "11"]
[EventCountry "SRB"]
[SourceTitle "CBM 180 Extra"]
[Source "ChessBase"]
[SourceDate "2017.10.06"]
[SourceVersion "1"]
[SourceVersionDate "2017.10.06"]
[SourceQuality "1"]
[WhiteTeam "Belgrade Crvena Zvezda"]
[BlackTeam "Goracici Jelica"]
[WhiteTeamCountry "SRB"]
[BlackTeamCountry "SRB"]

1. e4 e6 2. d4 d5 3. Nd2 Nc6 4. Ngf3 Nf6 5. e5 Nd7 6. Be2 f6 7. exf6 Qxf6 8. Nf1 Bd6 9. Ne3 0-0 10. 0-0 Qg6 11. c4 Nf6 12. c5 Be7 13. Bb5 Bd7 14. a4 Qe8 15. Bxc6 Bxc6 16. Ne5 a5 17. N3g4 Nxg4 18. Qxg4 Rf5 19. b3 Qf8 20. Nxc6 bxc6 21. Ra2 e5 22. dxe5 Bxc5 23. Rc2 Bb6 24. Bb2 Re8 25. g3 h5 26. Qg6 d4 27. Qxc6 Rfxe5 28. Bxd4 R8e6 29. Qc3 Bxd4 30. Qxd4 c6 31. Rxc6 Qf5 32. Rxe6 Rxe6 33. Rc1 Kh7 34. Rc5 Qf3 35. Qc3 Qf7 36. Qd3+ g6 37. Rxh5+ Kg7 38. Qd4+ Rf6 39. Rd5 Qe6 40. Rd7+ Kf8 41. Qc5+ Kg8 42. Qc8+ Rf8 43. Rg7+ Kxg7 44. Qxe6 Kh6 1-0

[Event "SRB-chT"]
[Site "Ruma"]
[Date "2017.09.03"]
[Round "3.4"]
[White "Sarenac, Ivan"]
[Black "Vujacic, Borivoje"]
[Result "1-0"]
[WhiteElo "2425"]
[BlackElo "2238"]
[PlyCount "79"]
[EventDate "2017.09.01"]
[EventType "team-tourn"]
[EventRounds "11"]
[EventCountry "SRB"]
[SourceTitle "CBM 180 Extra"]
[Source "ChessBase"]
[SourceDate "2017.10.06"]
[SourceVersion "1"]
[SourceVersionDate "2017.10.06"]
[SourceQuality "1"]
[WhiteTeam "Belgrade Itaka"]
[BlackTeam "Belgrade Crvena Zvezda"]
[WhiteTeamCountry "SRB"]
[BlackTeamCountry "SRB"]

1. e4 c5 2. Nf3 d6 3. d4 cxd4 4. Nxd4 Nf6 5. Nc3 a6 6. g3 e5 7. Nde2 Nbd7 8. a4 b6 9. Nd5 Bb7 10. Nec3 Be7 11. Bc4 Nxd5 12. Bxd5 Bxd5 13. Nxd5 0-0 14. 0-0 Nf6 15. Nxf6+ Bxf6 16. c4 b5 17. axb5 axb5 18. Rxa8 Qxa8 19. cxb5 Qxe4 20. Qxd6 Qb7 21. b6 Rd8 22. Qc5 h5 23. Be3 h4 24. f3 Rc8 25. Qb4 h3 26. Qe4 Qa6 27. Bf2 g6 28. Rd1 Qb5 29. b4 Be7 30. Qb7 Rd8 31. Rxd8+ Bxd8 32. Qc8 Qd5 33. Qxh3 Qb7 34. Qf1 Bxb6 35. Qc4 Bxf2+ 36. Kxf2 Qd7 37. Qc3 Qa7+ 38. Qe3 Qa2+ 39. Qe2 Qb1 40. b5 1-0

[Event "SRB-chT"]
[Site "Ruma"]
[Date "2017.09.02"]
[Round "2.3"]
[White "Ivic, Matija"]
[Black "Vujacic, Borivoje"]
[Result "1/2-1/2"]
[WhiteElo "2300"]
[BlackElo "2238"]
[PlyCount "60"]
[EventDate "2017.09.01"]
[EventType "team-tourn"]
[EventRounds "11"]
[EventCountry "SRB"]
[SourceTitle "CBM 180 Extra"]
[Source "ChessBase"]
[SourceDate "2017.10.06"]
[SourceVersion "1"]
[SourceVersionDate "2017.10.06"]
[SourceQuality "1"]
[WhiteTeam "Paracin OSK"]
[BlackTeam "Belgrade Crvena Zvezda"]
[WhiteTeamCountry "SRB"]
[BlackTeamCountry "SRB"]

1. Nf3 Nf6 2. c4 g6 3. Nc3 c5 4. d4 cxd4 5. Nxd4 Nc6 6. e4 Bg7 7. Nc2 d6 8. Be2 0-0 9. Be3 Nd7 10. Qd2 Nc5 11. f3 f5 12. b4 Nd7 13. exf5 gxf5 14. Rb1 Nce5 15. 0-0 Nf6 16. Rfd1 Be6 17. Nd5 Nxd5 18. cxd5 Bd7 19. Nd4 Rc8 20. Rdc1 a6 21. h3 b5 22. Nc6 Nxc6 23. dxc6 Rxc6 24. Rxc6 Bxc6 25. Rc1 Qd7 26. Bg5 Re8 27. Bh6 Bf6 28. Bg5 Bg7 29. Bh6 Bf6 30. Bg5 Bg7 1/2-1/2

[Event "Veliko Gradiste Silver Lake op-A"]
[Site "Veliko Gradiste"]
[Date "2017.06.21"]
[Round "5"]
[White "Dolgun, Can"]
[Black "Vujacic, Borivoje"]
[Result "1/2-1/2"]
[WhiteElo "1996"]
[BlackElo "2239"]
[PlyCount "91"]
[EventDate "2017.06.18"]
[EventType "swiss"]
[EventRounds "9"]
[EventCountry "SRB"]
[SourceTitle "CBM 179 Extra"]
[Source "ChessBase"]
[SourceDate "2017.08.23"]
[SourceVersion "1"]
[SourceVersionDate "2017.08.23"]
[SourceQuality "1"]

1. e4 c5 2. Nf3 d6 3. Bb5+ Nc6 4. 0-0 Bd7 5. Re1 Nf6 6. c3 e6 7. d4 cxd4 8. cxd4 d5 9. e5 Ne4 10. Nbd2 Nxd2 11. Bxd2 Be7 12. Bd3 Qb6 13. Bc3 0-0 14. Rc1 Rac8 15. h4 f6 16. exf6 Bxf6 17. Bb1 Rf7 18. Ng5 Bxg5 19. hxg5 g6 20. Qb3 Qd8 21. Bd2 Nxd4 22. Qxb7 Rxc1 23. Rxc1 Ne2+ 24. Kf1 Nxc1 25. Bxc1 Qb6 26. Qxb6 axb6 27. Be3 Bb5+ 28. Ke1 Rc7 29. Kd2 Rc6 30. Bd4 Bf1 31. g3 Rc4 32. Be3 e5 33. Ke1 Bh3 34. a3 Rc6 35. Bd2 Bf5 36. Ba2 Be4 37. Bc3 Kf7 38. Bxe5 Ke6 39. Bc3 Kf5 40. f4 b5 41. Bb3 Rc7 42. Kf2 Rd7 43. Bd4 Rc7 44. Bc3 Rd7 45. Bd4 Rc7 46. Bc3 1/2-1/2

[Event "Veliko Gradiste Silver Lake op-A"]
[Site "Veliko Gradiste"]
[Date "2017.06.20"]
[Round "4"]
[White "Vujacic, Borivoje"]
[Black "Akdogan, Alperen"]
[Result "0-1"]
[WhiteElo "2239"]
[BlackElo "2068"]
[PlyCount "86"]
[EventDate "2017.06.18"]
[EventType "swiss"]
[EventRounds "9"]
[EventCountry "SRB"]
[SourceTitle "CBM 179 Extra"]
[Source "ChessBase"]
[SourceDate "2017.08.23"]
[SourceVersion "1"]
[SourceVersionDate "2017.08.23"]
[SourceQuality "1"]

1. e4 d5 2. exd5 Qxd5 3. Nc3 Qd6 4. d4 Nf6 5. Nf3 Bg4 6. h3 Bh5 7. g4 Bg6 8. Ne5 Nbd7 9. Nxg6 hxg6 10. Bg2 c6 11. Be3 e6 12. Qd2 Qc7 13. Bf4 Bd6 14. Ne2 e5 15. Be3 0-0-0 16. 0-0-0 Kb8 17. g5 Nh5 18. d5 c5 19. Nc3 Nf4 20. Bf1 Nb6 21. Nb5 Qd7 22. Qa5 Nc8 23. Qc3 b6 24. Nxd6 Qxd6 25. Bxf4 exf4 26. Qxg7 Qe7 27. Ba6 Nd6 28. h4 Nf5 29. Qc3 Qd6 30. h5 gxh5 31. a4 Nd4 32. Kb1 h4 33. Qh3 Qxd5 34. Qh2 Qe5 35. c3 Nf3 36. Qg2 Qe4+ 37. Kc1 h3 38. Qg4 Nd2 39. Rxd2 Qxh1+ 40. Kc2 Rxd2+ 41. Kxd2 Rd8+ 42. Kc2 Qe4+ 43. Kb3 Qe6+ 0-1